[Event "EWCCC Online Final 2020"]
[Site "Online"]
[Date "2020.12.21"]
[Round "8.3"]
[White "Mammadova, Gulnar"]
[Black "Muzychuk, Mariya"]
[Result "0-1"]
[WhiteElo "2382"]
[BlackElo "2544"]
[Annotator "TA"]
[PlyCount "144"]
[EventDate "2020.12.19"]
[EventType "team-tourn"]
[EventCountry "NET"]
[SourceTitle "playchess.com"]
[Source "ChessBase"]
[SourceQuality "1"]

{[%evp 9,144,-6,-16,-20,-22,-12,-14,-14,-11,-20,-12,-54,-41,-38,-56,-162,-160,-214,-146,-147,-134,-132,-98,-144,-139,-118,-146,-143,-142,-157,-137,-133,-137,-145,-138,-226,-220,-239,-242,-288,-302,-297,-288,-366,-361,-432,-336,-372,-357,-358,-346,-356,-355,-343,-350,-341,-294,-326,-248,-300,29992,941,29993,-185,-16,-78,0,-82,-81,-81,-76,-74,-89,-111,-79,-188,-150,-192,-202,-263,-222,-229,-220,-347,-343,-395,-401,-372,-368,-365,-387,-367,-364,-456,-456,-527,-501,-692,-674,-1218,-1210,-987,-895,-851,-819,-836,-822,-12841,-12841,-12842,-12842,-12843,-12843,-12843,-12844,-12844,-12845,-12845,-12844,-12850,-12845,-12845,-12845,-12846,-12846,-12847,-12847,-12847,-12847,-12847,-12848,-12848,-12848,-12849,-12850,-12850,-12850]} 1. e4 c5 2. b3 Nf6 3. e5 Nd5 4. Bb2 g6 5. d4 Qa5+ 6. c3 {B20: Sicilian: Unusual White 2nd moves.} cxd4 7. Qxd4 {b4 is the strong threat.} Nc6 8. Qd2 $1 {And now b4 would win.The position is equal.} Nc7 (8... Nxe5 $2 9. b4 $18) 9. f4 $1 Bh6 10. Nf3 {[#]} d6 $146 {[%cal Rd6e5][%mdl 2048] White is under pressure.} ({Predecessor:} 10... O-O 11. b4 Qb6 12. Na3 Ne6 13. g3 f6 14. Qd5 Bg7 15. Nc4 Qc7 16. b5 fxe5 17. fxe5 {1-0 (53) Kutsanyan,A (2223)-Kekelidze,M (2378) Batumi 2019}) 11. b4 Qb6 12. a4 {[#]} (12. exd6 $15 exd6 13. Na3) 12... Nxe5 $1 $19 {[%mdl 576] Pin} 13. Nd4 (13. Ng5 $17 f6 14. c4) (13. Nxe5 dxe5) 13... d5 14. Be2 O-O 15. O-O {White wants to play a5.} Nc4 16. Bxc4 dxc4 17. Na3 Nd5 18. Nxc4 Qc7 {[%mdl 64] Double Attack} 19. Ne3 Nxf4 20. Nd5 Nxd5 21. Qxh6 {Hoping for c4!} e5 22. Nf3 (22. Nb5 $17 Qe7 23. Rad1) 22... f6 23. c4 Nf4 $1 ({Don't play} 23... Nxb4 24. Nxe5 $1 {[%mdl 512]} Be6 25. Nxg6) 24. Rae1 {[%cal Rf3e5] intending Nxe5.} Nd3 ({And not} 24... Qxc4 25. Nxe5 Qxb4 26. Nc4 $11) 25. Re2 Be6 26. c5 Nxb4 {aiming for ...Bc4.} 27. Ba3 Qxc5+ 28. Ref2 {If only White now had time for a5!...} a5 29. h4 e4 30. h5 Qxh5 31. Qxh5 gxh5 32. Nd4 Bd7 33. Rxf6 Bxa4 34. R6f5 b6 $4 {[%mdl 8192]} (34... Rxf5 $19 35. Rxf5 b6) 35. Rg5+ $1 Kh8 36. Re1 $4 {[%mdl 8192]} (36. Nf5 {mates} Nd3 37. Nh6 Ne5 38. Rxf8+ Rxf8 39. Bb2 $1 {[%mdl 512]} Rf1+ {[%mdl 64] Decoy} 40. Kxf1 Bb5+ 41. Ke1 $1 {[%mdl 512]} h4 42. Bxe5#) 36... Nd3 $2 ({Black should play} 36... Rg8 $19 37. Rxh5 Rae8) 37. Rxe4 (37. Bxf8 $11 h6 38. Bxh6 (38. Bg7+ Kh7 $17) 38... Nxe1 39. Bg7+ Kh7 40. Bf6) 37... Rf4 (37... Rg8 $17 38. Rxh5 Rg7) 38. Rxf4 (38. Re3 $1 $11) 38... Nxf4 $17 39. Bb2 {[%cal Rd4f5] [#]} Ng6 $1 40. Nf5+ Kg8 41. Rxh5 Rd8 {Threatens to win with ...Rd1+.} 42. Nh6+ (42. Bd4 $142) 42... Kf8 43. Rf5+ Ke8 44. Ng4 Rd1+ 45. Kh2 Rd2 46. Ba3 (46. Bc3 $142 Rxg2+ {[%mdl 64] Decoy} 47. Kxg2 Nh4+ {[%mdl 64] Double Attack} 48. Kg3 Nxf5+ 49. Kf4) 46... Bc6 $19 47. Nf6+ Kd8 48. Rg5 Nf4 49. Rg8+ Kc7 50. Rg7+ Kc8 51. Rg8+ Kb7 {Black is clearly winning.} 52. Rg7+ Ka6 53. Nxh7 Nxg2 54. Kg1 Nh4 55. Ng5 Rg2+ 56. Kf1 Bb5+ 57. Ke1 {[#]} Rxg5 $1 {[%mdl 64] Remove Defender, Decoy} 58. Rxg5 {[%mdl 4096] Endgame KRB-KBN} Nf3+ {[%mdl 64] Double Attack} 59. Kf2 Nxg5 60. Ke3 Ne6 61. Kd2 {Cut Off at move 61} Bd7 62. Kc3 b5 {[%cal Bb6b5,Bb5b4][%mdl 32]} 63. Kb3 Kb6 64. Kc3 Nc5 65. Kd4 b4 66. Bb2 Kb5 67. Ke3 Kc4 68. Kd2 a4 {[%cal Ba5a4,Ba4a3][%mdl 32]} 69. Kc2 a3 {( -> ...Bf5+)} 70. Bf6 Bf5+ 71. Kc1 b3 72. Bg7 Na4 {A wild game.  Weighted Error Value: White=0.64/Black=0.34} 0-1

[Event "EWCCC Online Final 2020"]
[Site "Online"]
[Date "2020.12.21"]
[Round "8.3"]
[White "Mamedjarova, Turkan"]
[Black "Buksa, Nataliya"]
[Result "1/2-1/2"]
[WhiteElo "2309"]
[BlackElo "2413"]
[Annotator "TA"]
[PlyCount "132"]
[EventDate "2020.12.19"]
[EventType "team-tourn"]
[EventCountry "NET"]
[SourceTitle "playchess.com"]
[Source "ChessBase"]
[SourceQuality "1"]

{[%evp 16,132,29,32,33,9,6,-3,0,-14,-14,-7,-13,-31,-22,-32,-4,-28,-27,-39,-37,-48,-59,-121,-88,-90,-93,-85,-87,-83,-77,-112,-83,-82,-45,-38,-29,-29,-35,-36,-25,-25,-23,-16,-12,-26,-26,-26,-29,-27,-25,-30,-27,-13,-27,-36,-26,-28,-26,-36,-37,-52,-52,-52,0,-23,0,-13,-22,-37,0,-37,-38,-52,-37,-37,-35,-52,-44,-192,-7,-7,-7,-18,-7,-7,-7,-51,-8,-26,-26,-26,-26,-26,-26,-26,-26,-26,-26,-26,-26,-176,-170,-130,0,-26,0,-26,0,-26,-26,-26,-26,-26,-26,-26,-26,-26,0]} 1. d4 d5 2. Nf3 Nf6 3. c4 e6 4. Nc3 Be7 5. Bf4 O-O 6. e3 b6 {[%cal Bb7b6,Bb6b5][%mdl 32]} 7. Be2 dxc4 8. Bxc4 Bb7 9. O-O a6 {D37: Queen's Gambit Declined: 5 Bf4.} 10. Rc1 b5 11. Bd3 Nbd7 {The position is equal.} 12. Bb1 c5 13. dxc5 Nxc5 14. a3 Qxd1 {[#]} 15. Rcxd1 $146 ({Predecessor:} 15. Rfxd1 Nb3 16. Rc2 Rfd8 17. Nd4 Nxd4 18. exd4 Rac8 19. Rcd2 Nd5 20. Nxd5 Bxd5 21. f3 {½-½ (27) Glimmerveen,M (1696)-Geertsma,F (1969) Leiden 2003}) 15... Rac8 16. h3 Rfd8 17. Ne5 Nd5 18. Nxd5 Bxd5 19. Rfe1 (19. b4 $15 Na4 20. e4) 19... f6 20. Nf3 Na4 21. e4 Bc4 22. Rxd8+ Rxd8 23. Bc1 e5 24. Bc2 Nc5 25. Be3 a5 26. Nd2 Be6 27. Rc1 Nd3 28. Bxd3 Rxd3 29. Rc7 Rd7 30. Rxd7 Bxd7 $11 {[%mdl 4096] Endgame KBB-KBN} 31. Nb3 a4 32. Nc5 Be8 33. Kf1 Bf7 34. Ke1 Bc4 35. g3 g5 36. f3 Kf7 37. Bf2 h5 38. h4 gxh4 39. gxh4 {[#]} Kg6 (39... f5 $1 $15 {[%mdl 512]}) 40. Kd2 Bd6 41. Be3 Kf7 42. Ke1 Ke7 43. Kd2 Bc7 44. Nd3 Kd6 45. Bc5+ Ke6 46. Ke3 Bd8 {And now ...f5 would win.} 47. f4 {[#]} ({White should play} 47. Bb4 $15) 47... Ba5 $2 (47... f5 $1 $19 48. Nxe5 Bf6) 48. f5+ Kd7 49. Bb4 Bb6+ 50. Bc5 Bd8 51. Bb4 Kc6 (51... Bxd3 $5 52. Kxd3 Bb6 $15) 52. Ne1 Bb6+ 53. Kf3 Kd7 54. Nc2 Bb3 55. Ne3 Bd4 56. Bc3 Bc5 57. Bb4 Kc6 58. Ba5 (58. Bc3 $11) 58... Bd4 $19 59. Bc3 {[#]} Bc5 (59... Bxc3 $1 $17 60. bxc3 Kc5) 60. Ke2 Kd6 61. Kd2 {Cut Off at move 61} Kc6 62. Ba5 Bd4 {Black has an edge.} 63. Bc3 Bb6 64. Bb4 Kd7 65. Bc3 Bc5 66. Bb4 Bb6 {Weighted Error Value: White=0.21/Black=0.18} 1/2-1/2

[Event "EWCCC Online Final 2020"]
[Site "Online"]
[Date "2020.12.21"]
[Round "8.4"]
[White "Kashlinskaya, Alina"]
[Black "Girya, Olga"]
[Result "1-0"]
[WhiteElo "2494"]
[BlackElo "2464"]
[Annotator "TA"]
[PlyCount "99"]
[EventDate "2020.12.19"]
[EventType "team-tourn"]
[EventCountry "NET"]
[SourceTitle "playchess.com"]
[Source "ChessBase"]
[SourceQuality "1"]

{[%evp 17,99,10,14,12,8,5,18,18,9,16,25,37,19,19,36,42,133,46,58,61,42,31,21,26,117,107,103,97,102,95,96,93,88,101,100,94,136,136,136,136,141,126,159,157,156,146,146,123,196,196,186,173,169,168,262,258,755,820,797,689,360,800,747,687,430,66,29971,29972,29986,29972,29970,29972,29970,29971,29964,5089,29981,29979,29979,29979,29980,29981,29975,12329]} 1. Nf3 d5 2. g3 Nf6 3. Bg2 e6 4. O-O Be7 5. c4 O-O 6. d4 c6 7. Nbd2 b6 8. Qc2 Bb7 9. e4 Na6 {[%cal Bb8a6,Ba6c5,Bc5e4][%mdl 32]} 10. a3 $1 {10.a3 is better than 10.e5. E06: Closed Catalan: Early deviations.} c5 {[%cal Rd5e4]} 11. exd5 exd5 12. dxc5 {The position is equal.} Nxc5 13. b4 Nce4 14. Bb2 Rc8 15. Rad1 {[#]} Nxd2 $146 ({Predecessor:} 15... dxc4 16. Nh4 c3 17. Nxe4 Bxe4 18. Bxe4 cxb2 19. Rxd8 Rfxd8 20. Qxb2 Nxe4 21. Qe5 Bxh4 22. Qxe4 {1-0 (64) Borisova,E (2292)-Kovanova,B (2324) Satka 2020}) 16. Nxd2 Ba6 (16... Rc7 $14) 17. Rfe1 ({Better is} 17. Qa4 $16 Bb7 18. Rfe1 (18. Qxa7 Bc6 $16)) 17... Bxc4 $14 {With the idea ...Be2!} 18. Nxc4 Rxc4 19. Qe2 Rc7 20. Be5 Bd6 (20... Rc6 $11) 21. Bxd5 $16 {Bxd6 is the strong threat.} Re7 22. Bxf7+ Rfxf7 23. Rxd6 Qxd6 24. Bxd6 Rxe2 25. Rxe2 {[%mdl 4096] Endgame KRB-KRN} Rd7 26. Be5 Rd3 27. Bxf6 gxf6 {KR-KR} 28. Re3 Rd1+ 29. Kg2 Kf7 30. Rc3 Rd7 31. Kf3 Kg6 32. h4 h5 (32... Rd2 $16 33. Ke3 Ra2) 33. Ke4 $18 Rd2 34. f3 Rg2 {[#]} 35. Kf4 $1 Ra2 {[#]} (35... Rd2 $142 36. g4 Rd1) 36. g4 $1 a5 $2 (36... hxg4 37. fxg4 Rf2+ 38. Rf3 Rc2 39. h5+ Kf7) 37. bxa5 bxa5 38. g5 fxg5+ 39. hxg5 h4 40. Rc6+ Kg7 41. Kf5 $2 (41. Kg4 $18) 41... h3 $2 {[%mdl 8192] Black cannot hold the game after this.} (41... Rxa3 $14 42. f4 Rd3) 42. Rc7+ Kg8 43. Kg6 {[%cal Rc7c8]} Kf8 44. Kf6 {[%cal Rc7c8]} Ke8 45. Rh7 h2 46. f4 a4 47. g6 {White mates.} Rb2 48. Rh8+ Kd7 49. g7 Rg2 {[#]} 50. Rxh2 $1 {[%mdl 512] Weighted Error Value: White=0.27/Black=0.53} 1-0

[Event "EWCCC Online Final 2020"]
[Site "Online"]
[Date "2020.12.21"]
[Round "8.4"]
[White "Pogonina, Natalija"]
[Black "Khademalsharieh, Sarasadat"]
[Result "0-1"]
[WhiteElo "2474"]
[BlackElo "2494"]
[Annotator "TA"]
[PlyCount "96"]
[EventDate "2020.12.19"]
[EventType "team-tourn"]
[EventCountry "NET"]
[SourceTitle "playchess.com"]
[Source "ChessBase"]
[SourceQuality "1"]

{[%evp 9,96,0,16,5,0,7,0,-7,-8,0,0,-18,0,-17,3,-26,-23,-43,0,-32,0,-24,-10,-20,-27,-45,-15,-23,-21,-34,-43,-33,-25,-66,-54,-71,-66,-75,-74,-87,-79,-64,-63,-131,-125,-178,-172,-230,-222,-231,-222,-250,-250,-279,-255,-253,-252,-249,-196,-250,-253,-239,-238,-440,-426,-397,-252,-314,-245,-462,-475,-492,-482,-484,-470,-522,-498,-472,-341,-499,-493,-539,-545,-677,-681,-964,-963,-1118,-1049]} 1. c4 e6 2. Nf3 d5 3. e3 Nf6 4. Nc3 c5 5. cxd5 Nxd5 6. Qc2 {A17: English Opening: 1...Nf6 with ...Bb4.} Nc6 7. a3 Be7 8. Bb5 {The position is equal.} Bd7 9. O-O O-O {[#]} 10. Bd3 $146 ({Predecessor:} 10. Ne4 Qb6 11. Bc4 Nf6 12. Ng3 Rfd8 13. b3 Na5 14. Bb2 Nxc4 15. bxc4 Qa6 16. Ng5 {0-1 (37) Vyaznikov,S (2272)-Arakelov,I (2350) Gagarin 2009}) 10... h6 11. b3 Rc8 12. Ne4 Be8 {Strongly threatening ...Ndb4!} 13. Be2 ({Not} 13. Nxc5 $2 Nb8 $19) 13... Na5 14. d3 b5 15. Bb2 f6 16. Nfd2 Bf7 17. Nc3 Qb6 18. Nxd5 exd5 19. Qd1 Rfd8 20. Bg4 Rc7 21. Qf3 c4 {[#] aiming for ...c3.} 22. Bd4 Qb8 23. bxc4 dxc4 24. dxc4 bxc4 ({Much worse is} 24... Nxc4 $6 25. Nxc4 Rxc4 26. Rfd1 $11) 25. Rab1 Nb3 26. Nxb3 (26. Ne4 $15) 26... cxb3 $17 27. a4 {[#]} (27. Bb2 $17) 27... Qb4 $1 $19 28. Bh5 (28. Bf5 $142) 28... Bxh5 ({Don't play} 28... Qxa4 29. Qg3) 29. Qxh5 Qxa4 30. Qf5 {intending Qe6+.} Qc4 31. h3 Rb8 32. Qa5 a6 {[%cal Ba7a6,Ba6a5][%mdl 32]} 33. Rfd1 Rcb7 34. Rdc1 (34. Bb2 $142) 34... Qb5 35. Qxb5 Rxb5 36. Rc6 $2 (36. Rc4 {might work better.}) 36... a5 37. Ra6 Bc5 {And now ...Bxd4 would win.} 38. Bb2 R8b7 39. Rc1 $2 (39. Kf1) 39... Rd7 40. Kf1 Rd2 41. Rb1 Rc2 42. g4 Kf7 43. h4 Rc4 44. g5 (44. h5 $142) 44... Rxh4 {...Rh1+ is the strong threat.Black is clearly winning.} 45. Ke2 hxg5 46. Rd1 Rc4 47. Rd7+ Kg6 48. Kf3 Rc2 {White did not feel at home in the position after the opening.  Weighted Error Value: White=0.43/Black=0.15} 0-1

[Event "EWCCC Online Final 2020"]
[Site "Online"]
[Date "2020.12.21"]
[Round "8.4"]
[White "Dordzhieva, Dinara"]
[Black "Kosteniuk, Alexandra"]
[Result "1-0"]
[WhiteElo "2334"]
[BlackElo "2471"]
[Annotator "TA"]
[PlyCount "85"]
[EventDate "2020.12.19"]
[EventType "team-tourn"]
[EventCountry "NET"]
[SourceTitle "playchess.com"]
[Source "ChessBase"]
[SourceQuality "1"]

{[%evp 21,85,0,20,-35,16,19,18,-27,-20,-26,0,0,20,12,16,25,38,14,6,10,5,9,11,12,16,10,25,19,82,47,35,32,37,15,15,27,118,116,166,175,231,231,237,248,612,604,691,0,190,37,578,31,30,0,559,280,401,386,402,277,1286,1404,2835,2652,29991,29992]} 1. Nf3 Nf6 2. c4 b6 3. d4 e6 4. a3 Bb7 5. Nc3 d5 6. cxd5 Nxd5 7. Qc2 Be7 8. e4 Nxc3 9. bxc3 c5 10. Bd3 Nc6 11. O-O O-O {[%cal Rc5d4] [#]} 12. e5 {[#] E12: Queen's Indian: Unusual White 4th moves, 4 a3, 4 Nc3 Bb7 5 a3 and 4 Nc3 Bb7 .} (12. d5 $1 $11 {[%mdl 512]} exd5 13. exd5 Qxd5 14. Bxh7+ Kh8 15. Rd1) 12... g6 $146 (12... h6 $1 $15) ({Predecessor:} 12... h6 13. Bh7+ Kh8 14. Be4 Rc8 15. Qd3 Qc7 16. Bf4 Na5 17. Bxb7 Qxb7 {½-½ (44) Shishkin,V (2178)-Markus,R (2250) LSS email 2008}) 13. Bh6 $11 Re8 {[%cal Rc5d4]} 14. Rfd1 {The position is equal.} cxd4 15. cxd4 Na5 16. Bb5 Rc8 (16... Bxf3 $5 17. gxf3 Rc8 $14) 17. Qe2 Bc6 18. Bxc6 Nxc6 19. Qe4 f5 20. exf6 Bxf6 21. Rac1 Qd5 22. Qf4 Qf5 23. Qe3 Ne7 24. Re1 $36 {[%mdl 2048] White is pushing.} Kf7 (24... Rxc1 $11 25. Qxc1 Rc8) 25. h3 {Threatens to win with g4.} Nd5 26. Qb3 Rxc1 $1 27. Rxc1 {Hoping for g4.} g5 $1 28. g4 Qg6 {[#]} (28... Qf4 $1 $11 29. Rc6 Bxd4 30. Nxd4 Qxd4) 29. Bxg5 $1 $16 {[%mdl 512]} h5 {and if ...hxg4 works, Black does fine.} (29... Bxg5 30. Ne5+) 30. Bxf6 Kxf6 (30... Qxf6 {keeps fighting.} 31. Ne5+ Kg7) 31. Ne5 $18 Qe4 32. Qg3 {Strongly threatening Qh4+.} ({But not} 32. gxh5 $2 Nf4 $19) 32... Qxd4 $2 (32... Qf4 33. Qxf4+ Nxf4) 33. Re1 {Intending Qh4+ and mate.} Qd2 34. f4 $2 (34. Qf3+ $18 Qf4 {[#]} 35. g5+ $1 {[%mdl 512]} Kg7 36. Qxh5) 34... Ke7 $2 (34... Nxf4 $11 {and Black is okay.} 35. Nf3 Qd6) 35. Qh4+ $2 ({Don't play} 35. gxh5 $6 Rg8 $16) (35. f5 $18) 35... Kf8 $2 {[%mdl 8192]} (35... Nf6 $14) 36. Nd7+ $2 (36. gxh5 $18 {Black must now prevent h6.} Re7 37. Kh1) 36... Kf7 $1 $14 37. Ne5+ $2 {[%mdl 8192]} (37. Rf1 $11 Rh8 38. Kh1) 37... Kf8 $18 38. Rf1 Qe3+ (38... Re7 $142 39. Ng6+ {[%mdl 64] Double Attack} (39. Qxh5 Kg8 $16) 39... Kf7) 39. Rf2 Rc8 40. Kh2 a5 $2 (40... Ke8 41. Qxh5+ Kd8 42. Qh4+ Kc7) 41. gxh5 Ke8 42. h6 Rc3 43. h7 {Accuracy: White = 58%, Black = 32%.} 1-0

[Event "EWCCC Online Final 2020"]
[Site "Online"]
[Date "2020.12.21"]
[Round "8.4"]
[White "Benmesbah, Natacha"]
[Black "Kovanova, Baira"]
[Result "1/2-1/2"]
[WhiteElo "2223"]
[BlackElo "2328"]
[Annotator "TA"]
[PlyCount "138"]
[EventDate "2020.12.19"]
[EventType "team-tourn"]
[EventCountry "NET"]
[SourceTitle "playchess.com"]
[Source "ChessBase"]
[SourceQuality "1"]

{[%evp 9,138,11,22,23,31,17,25,14,30,19,39,14,28,22,34,-163,-161,-150,-41,-47,-34,-33,0,0,0,0,0,4,195,0,-4,-81,-25,-23,-24,-65,-67,-73,-73,-110,-113,-115,-62,-81,-74,-193,-190,-212,-254,-290,-224,-541,-534,-527,-496,-708,-708,-684,-656,-623,-1055,-1105,-1010,-931,0,0,0,0,0,0,0,-117,-117,-109,-117,-309,-258,-202,-330,-284,-446,-412,0,-143,0,-364,-386,-382,-356,-29979,-29980,-29981,-29982,-29982,-29983,-29983,-29984,-29984,-29984,-29985,-29985,-29987,-29988,-29988,-29989,-29989,-29989,-29993,-29988,-29988,-29989,-29988,0,-29987,-29988,-29988,0,0,0,0,0,0,0,0,0,0,0,0,0,0,0]} 1. e4 e5 2. Nf3 Nc6 3. Bc4 Bc5 4. c3 Nf6 5. d3 a6 6. a4 {C54: Giuoco Piano: 4 c3 Nf6, main lines with 5 d4 and 5 d3.} d6 7. O-O Ba7 8. Nbd2 {White has an edge.} O-O 9. h3 Be6 {9...h6 is the modern continuation.} 10. Re1 Qe8 11. b4 Nh5 12. Nxe5 $2 (12. Ba2 $14 {keeps the upper hand.}) 12... Nxe5 $19 13. Qxh5 Bxc4 (13... b5 $1 $17 {[%cal Rb5c4]} 14. axb5 axb5 15. Rxa7 (15. Bxe6 $2 Bxf2+ {[%mdl 64] Double Attack, Discovered Attack} 16. Kh2 Rxa1 $19) 15... Rxa7 16. Bxe6 fxe6) 14. dxc4 $15 f5 (14... Nd3 $5 15. Rf1 $8 f5 16. Qxe8 Raxe8 17. exf5 Rxf5 $15) 15. Qe2 Qg6 {[#]} 16. c5 $146 ({Predecessor:} 16. exf5 Rxf5 17. Ne4 Nf3+ 18. Kh1 Nxe1 19. Qxe1 Re8 20. f3 c6 21. Qd1 d5 22. cxd5 cxd5 {0-1 (28) Benmesbah,N (2265)-Batsiashvili,N (2422) Monaco 2019}) 16... dxc5 17. Nc4 Rae8 18. Bf4 Nc6 $2 (18... Nxc4 $1 $11 {and Black has nothing to worry.} 19. Qxc4+ {[%mdl 64] Double Attack} Qe6 20. Qxe6+ Rxe6) 19. e5 $2 (19. Bxc7 cxb4 20. Bd6 Rf7 $11) (19. b5 $1 $18) 19... cxb4 $11 20. Rab1 (20. cxb4 $11 Nxb4 21. Rab1) 20... b5 (20... bxc3 $17 {Strongly threatening ...Nd4.} 21. Rxb7 Rf7) 21. axb5 axb5 22. Nd2 bxc3 23. Nf3 Nd4 24. Nxd4 Bxd4 25. Qxb5 Qe6 ({Black should play} 25... Qf7 $17 26. Qd3 Qd5) 26. Be3 $1 $15 {[%cal Re3d4]} c5 $36 {[%mdl 2048] Black is on the roll.} (26... Bxe5 27. Bd4 $1 $16 {[%mdl 512]}) 27. Rbd1 (27. Bxd4 $17 {is a better defense.} cxd4 28. Qd3) 27... Rb8 $19 ({Inferior is} 27... Bxe5 28. Bxc5 c2 29. Rc1 $11) ({Don't take} 27... Qxe5 28. Bd2 $17) 28. Qd3 Rfd8 29. Rb1 {intending Rxb8.} Rxb1 ({Worse is} 29... Bxe5 30. Rxb8 Rxb8 31. Bf4 $1 $16 {[%mdl 512]}) 30. Rxb1 $2 (30. Qxb1 {was the crucial defense.} h6 31. Bxd4 cxd4 32. Qd3) 30... f4 31. Bxd4 cxd4 {[%mdl 4096] Endgame KQR-KQR} 32. Rb7 (32. Rd1 $142 f3 33. g3) 32... Qxe5 33. Qc4+ Kh8 34. Rd7 Qe8 (34... Re8 $142 35. Qc6 Rg8) 35. Rxd4 Rxd4 36. Qxd4 {KQ-KQ} Qe1+ $2 (36... Qc8 $1 $19 37. Qxf4 c2) 37. Kh2 $11 Qd2 38. Qc4 {Qc8+ would kill now.} h6 39. Qc8+ Kh7 {Hoping for ...c2.} 40. Qf5+ (40. Qc4 $1 $11 {was the only way to keep the balance.}) 40... Kg8 $1 $17 {...c2 is the strong threat.} 41. Qe6+ Kf8 42. Qc8+ $2 (42. f3 $17) 42... Ke7 $19 43. Qc7+ Ke6 $1 44. Qc6+ Ke5 $1 45. Qc5+ Ke6 $2 (45... Ke4 $19 {and Black stays clearly on top. Threatens to win with ...Qd4.} 46. Qc4+ Qd4 47. Qe2+ Kd5 48. Qb5+ Qc5 49. Qd7+ Kc4 50. Qa4+ Qb4) 46. Qc6+ $17 Ke5 $2 (46... Kf5 $17 47. Qc5+ Ke4 48. Qc4+ Qd4 49. Qe2+ Kd5 50. Qb5+ Qc5 51. Qd7+ Kc4 52. Qa4+ Qb4) 47. Qc5+ $19 Ke4 48. Qc4+ Qd4 49. Qe6+ $2 (49. Qe2+ $19 Kd5 50. Qb5+ Qc5 51. Qd7+ Kc4 52. Qa4+ Kd3 53. Qd1+ Kc4 54. Qa4+ Qb4 55. Qc2) 49... Kd3 50. Qf5+ Kd2 51. Qa5 Qxf2 52. Qd5+ Kc1 53. Qa5 Qg3+ 54. Kg1 Qe3+ 55. Kh2 c2 56. Qa1+ Kd2 57. Qa5+ Kd1 58. Qd5+ Qd2 59. Qf3+ Qe2 60. Qb3 {[#]} Qd2 $1 61. Qf3+ {[#] Cut Off at move 61} Ke1 $1 62. Qe4+ {[#]} Qe2 $2 (62... Kf1 $1 {mates} 63. Qc4+ Kf2 64. Qc5+ Ke1 65. Qg1+ Ke2 66. Qc5 c1=Q 67. Qh5+ Ke1 68. h4 Qe3 69. Qa5+ Qcc3 70. Qh5 Qg3+ 71. Kh1 Kf2 72. Qe2+ Kxe2 73. h5 Qce1#) 63. Qb4+ $1 $11 {The position is equal.} Kf1 {[%csl Gf1][%cal Re2g2]} 64. Qxf4+ Ke1 {And now ...g5 would win.} (64... Qf2 $5 65. Qc1+ $8 Qe1 66. Qxc2 Qe5+ 67. g3 Ke1 $11) 65. Qc1+ Qd1 66. Qe3+ Kf1 (66... Qe2 $5 67. Qc1+ $8 Qd1 68. Qe3+ Qe2 69. Qc1+ $11) 67. Qf4+ Ke2 68. Qe4+ Kd2 69. Qd4+ {[%mdl 64] Double Attack} Ke1 {White happily takes the draw.  Weighted Error Value: White=0.52/Black=0.35} (69... Kc1 $5 70. Qa1+ $8 Kd2 71. Qd4+ Kc1 72. Qa1+ Kd2 73. Qd4+ $11) 1/2-1/2

[Event "EWCCC Online Final 2020"]
[Site "Online"]
[Date "2020.12.21"]
[Round "8.5"]
[White "Gunina, Valentina"]
[Black "Javakhishvili, Lela"]
[Result "1-0"]
[WhiteElo "2451"]
[BlackElo "2473"]
[Annotator "TA"]
[PlyCount "93"]
[EventDate "2020.12.19"]
[EventType "team-tourn"]
[EventCountry "NET"]
[SourceTitle "playchess.com"]
[Source "ChessBase"]
[SourceQuality "1"]

{[%evp 10,93,26,20,17,15,32,22,46,54,37,27,123,14,20,-20,-10,-11,0,-47,37,39,34,25,27,0,0,0,0,0,0,-7,110,108,204,196,204,200,326,333,544,538,532,504,583,411,929,489,480,476,416,327,372,370,370,370,356,367,351,350,344,298,402,258,387,358,814,395,395,387,646,629,579,543,518,380,380,373,373,358,414,249,1069,952,29998,29999]} 1. d4 Nf6 2. c4 e6 3. Nf3 b6 4. g3 Bb7 5. Bg2 g6 6. O-O Bg7 {E16: Queen's Indian: 4 g3 Bb7 5 Bg2 Bb4+.} 7. Qc2 $1 {[%mdl 4] is now more promising than 7.Nc3.} O-O 8. Nc3 c5 {The position is equal.} 9. dxc5 bxc5 10. Bf4 Na6 (10... d5 $11 {keeps the balance.}) 11. Nb5 {[#]} ({White should try} 11. Bd6 $16) 11... d5 $146 ({Predecessor:} 11... Nb4 12. Qb3 Ne8 13. Nd6 Bc6 14. a3 Na6 15. Rfb1 Nxd6 16. Bxd6 Re8 17. Qe3 {½-½ (17) Passos,R (1739)-Rosa,P (1885) Goiania 2018}) 12. Bd6 Re8 $1 13. Be5 Nb4 14. Qb3 Re7 (14... Nc6 $1 $15 15. Nd6 Nxe5 16. Nxe8 Nxf3+ 17. Bxf3 (17. exf3 Nxe8 18. Qxb7 Nd6 $17 {[%mdl 64] Double Attack}) 17... Nxe8 18. Qxb7 Nd6 {[%mdl 64] Double Attack}) 15. Bd6 $14 Rd7 16. Bxc5 Na6 17. Bd4 $36 {[%mdl 2048] White has the initiative.} ({But not} 17. Bxa7 dxc4 18. Qc3 Bc6 $17) 17... dxc4 18. Qxc4 Rc8 19. Qa4 {aiming for Ne5.} Nc5 20. Qa3 Bxf3 (20... Nce4 $11 {remains equal.}) 21. Bxf3 $16 {White stays focused until the end.} Rxd4 (21... Qb6 $16) 22. Nxd4 $18 Qxd4 23. Rac1 a5 (23... Bf8 {might work better.}) 24. Qxa5 e5 $2 {[#]} (24... Bf8 25. b4 Nb7 26. Bxb7 Rxc1 27. Rxc1 Ng4) 25. Rfd1 Qxb2 {next ...Bf8 is good for Black.} 26. Rxc5 Re8 27. Bc6 Rc8 (27... Rf8 $142 28. Qa6 e4) 28. Rd8+ Rxd8 29. Qxd8+ Bf8 {Now ...Kg7 and Black clings on.} 30. Bd5 Qb1+ 31. Kg2 Nxd5 32. Rxd5 {[%mdl 4096] Endgame KQR-KQB} ({And not} 32. Qxd5 Bxc5 33. Qxc5 Qe4+ 34. Kg1 Qb1+ 35. Kg2 Qe4+ 36. Kg1 Qb1+ 37. Kg2 $11) 32... Qe4+ 33. Kg1 Qb1+ 34. Rd1 Qxa2 35. e3 Qe2 36. Qd3 Qg4 (36... Qxd3 {was necessary.} 37. Rxd3 Kg7) 37. Rb1 h5 $2 (37... Qe6 38. Qe4 Be7) 38. Qd8 (38. Rb8 $142) 38... Qc4 39. h4 Kg7 $2 (39... Qc5 40. Rb6 Qe7) 40. Rb6 Qc1+ 41. Kg2 Qc5 42. Rb8 Qc6+ 43. Kh2 Qc5 44. Qe8 Qd6 45. Rd8 Qc5 $2 {[#]} (45... Qe7 46. Qxe7 Bxe7) 46. Rd7 $1 Qc2 47. Qxf7+ {Weighted Error Value: White=0.53/Black=0.65} 1-0